000
00228nam a2200097Ia 4500
008
120527s9999 xx 000 0 und d
100
_a
COOk,Trevor
245
_a
A user's guide to patents.
260
_b
Buttreworths.
942
_c
BK
999
_c
23676
_d
23676